000 00427nam a2200181Ia 4500
001 14689
005 20260306164932.0
008 260306t2010||||xx |||||||||||||| ||spa||
041 _aESP
082 _a515.63
_bT48 2010
100 _aThomas, George B.
_eAUT
245 0 _aCálculo una variable
260 _c2010
300 _axvi, 659 páginas :
_c28 cm.
650 _aGEN
654 _aCMA
942 _cLIB
_dJUS
_fJUS
_2ddc
_n
999 _c14689
_d14689